| 000 | 006890000a22002170004500 | ||
|---|---|---|---|
| 003 | LK-CoMWRAF | ||
| 005 | 20231030102746.0 | ||
| 008 | 230817t1986 ||||| |||| 00| 0 eng d | ||
| 020 | _a0905838971 | ||
| 040 |
_aLK-CoMWRAF _dLK-CoMWRAF _eLK-CoMWRAF |
||
| 041 | _aeng | ||
| 082 |
_a929.2 _bGOO |
||
| 100 | _aGooneratne, Yasmine | ||
| 245 |
_aRelative Merits: _bA Personal Memoir of the Bandaranaike Family of Sri Lanka |
||
| 260 |
_aLondon: _bHurst & Company, _c1986 |
||
| 300 |
_aviii, 270 p., [16] p. of plates : ports. ; 23 cm. _bIndex included |
||
| 650 | _aBANDARANAIKE FAMILY | ||
| 650 | _aFamily histories-Sri Lanka | ||
| 650 | _aPolitics and government-Sri Lanka | ||
| 942 | _cBK | ||
| 999 |
_c1453 _d1453 |
||